[Event "Finnish Championship"]
[Site "chess24.com"]
[Date "2019.06.11"]
[Round "2"]
[White "Koykka, Pekka"]
[Black "Ronka, Erik"]
[Result "1-0"]
[Board "4"]
[WhiteTitle "FM"]
[WhiteElo "2399"]
[WhiteCountry "FIN"]
[WhiteFideId "504319"]
[WhiteEloChange "6"]
[BlackElo "2270"]
[BlackCountry "FIN"]
[BlackFideId "505080"]
[BlackEloChange "-6"]

1. e4 {[%clk 4:07:00]} c6 {[%clk 1:30:30]} 2. d4 {[%clk 4:07:30]} d5 {[%clk
1:23:16]} 3. exd5 {[%clk 4:08:00]} cxd5 {[%clk 1:23:46]} 4. Bd3 {[%clk 4:08:30]}
Nc6 {[%clk 1:24:16]} 5. c3 {[%clk 4:09:00]} Qc7 {[%clk 1:24:46]} 6. h3 {[%clk
4:09:30]} g6 {[%clk 1:25:16]} 7. Nf3 {[%clk 4:10:00]} Nf6 {[%clk 1:25:46]} 8. Qc2
{[%clk 4:10:30]} Bg7 {[%clk 1:26:16]} 9. O-O {[%clk 4:11:00]} O-O {[%clk
1:26:46]} 10. Re1 {[%clk 4:11:30]} Bd7 {[%clk 1:27:16]} 11. Bg5 {[%clk 4:12:00]}
e6 {[%clk 1:27:46]} 12. Nbd2 {[%clk 4:12:30]} Rfc8 {[%clk 1:28:16]} 13. Qc1
{[%clk 4:13:00]} Be8 {[%clk 1:28:05]} 14. Nf1 {[%clk 4:05:40]} Na5 {[%clk
1:25:54]} 15. N1h2 {[%clk 3:50:28]} Nc4 {[%clk 1:20:11]} 16. Bxf6 {[%clk
3:39:02]} Bxf6 {[%clk 1:20:36]} 17. g4 {[%clk 3:39:17]} b5 {[%clk 1:15:38]} 18.
g5 {[%clk 3:36:55]} Bg7 {[%clk 1:14:22]} 19. Ng4 {[%clk 3:35:49]} b4 {[%clk
0:58:54]} 20. Bxc4 {[%clk 3:31:47]} dxc4 {[%clk 0:58:54]} 21. Nfe5 {[%clk
3:31:11]} bxc3 {[%clk 0:56:48]} 22. bxc3 {[%clk 3:30:26]} Qe7 {[%clk 0:46:58]}
23. Qf4 {[%clk 3:29:50]} Bc6 {[%clk 0:45:57]} 24. Rab1 {[%clk 3:28:04]} Bd5
{[%clk 0:45:27]} 25. Rb5 {[%clk 3:21:46]} Bc6 {[%clk 0:41:40]} 26. Rb4 {[%clk
3:20:15]} a5 {[%clk 0:41:40]} 27. Rb6 {[%clk 3:16:18]} Ba4 {[%clk 0:40:34]} 28.
Nf6+ {[%clk 3:15:38]} Kh8 {[%clk 0:40:14]} 29. Reb1 {[%clk 3:14:52]} Ra7 {[%clk
0:40:33]} 30. Rb8 {[%clk 3:13:11]} Rc7 {[%clk 0:41:03]} 31. R1b2 {[%clk 3:13:01]}
h6 {[%clk 0:40:38]} 32. h4 {[%clk 3:13:26]} h5 {[%clk 0:40:33]} 33. Qf3 {[%clk
3:12:50]} Qd8 {[%clk 0:40:53]} 34. R8b7 {[%clk 3:12:40]} Bxf6 {[%clk 0:40:27]}
35. gxf6 {[%clk 3:13:00]} Qf8 {[%clk 0:40:17]} 36. Rxc7 {[%clk 3:12:45]} Rxc7
{[%clk 0:40:47]} 37. Qf4 {[%clk 3:13:10]} Kh7 {[%clk 0:40:11]} 38. Nxg6 {[%clk
3:13:10]} Qa3 {[%clk 0:40:06]} 39. Qxc7 {[%clk 3:13:19]} Kxg6 {[%clk 0:40:31]}
40. Qg3+ {[%clk 3:13:14]} 1-0

[Event "Finnish Championship"]
[Site "chess24.com"]
[Date "2019.06.13"]
[Round "4"]
[White "Keinanen, Toivo"]
[Black "Koykka, Pekka"]
[Result "1-0"]
[Board "1"]
[WhiteTitle "FM"]
[WhiteElo "2370"]
[WhiteCountry "FIN"]
[WhiteFideId "509825"]
[WhiteEloChange "11"]
[BlackTitle "FM"]
[BlackElo "2399"]
[BlackCountry "FIN"]
[BlackFideId "504319"]
[BlackEloChange "-11"]

1. c4 {[%clk 1:30:57]} g6 {[%clk 1:30:51]} 2. g3 {[%clk 1:31:05]} Bg7 {[%clk
1:31:12]} 3. Bg2 {[%clk 1:31:32]} c5 {[%clk 1:31:29]} 4. Nc3 {[%clk 1:31:57]} Nc6
{[%clk 1:31:49]} 5. b3 {[%clk 1:32:24]} b6 {[%clk 1:28:45]} 6. e3 {[%clk
1:28:09]} Bb7 {[%clk 1:26:23]} 7. Nge2 {[%clk 1:25:24]} Qc8 {[%clk 1:17:58]} 8.
O-O {[%clk 1:22:52]} Ne5 {[%clk 1:14:38]} 9. e4 {[%clk 1:18:23]} Nd3 {[%clk
1:06:29]} 10. Ba3 {[%clk 1:17:30]} h5 {[%clk 1:01:51]} 11. Qb1 {[%clk 1:13:57]}
Ne5 {[%clk 0:55:34]} 12. Bb2 {[%clk 1:09:43]} d6 {[%clk 0:41:49]} 13. Nd5 {[%clk
1:07:17]} Nf6 {[%clk 0:26:23]} 14. f4 {[%clk 1:01:18]} Ned7 {[%clk 0:22:58]} 15.
Qd3 {[%clk 0:56:19]} Nxd5 {[%clk 0:17:37]} 16. Bxg7 {[%clk 0:56:09]} Nb4 {[%clk
0:17:52]} 17. Qf3 {[%clk 0:49:29]} Rh7 {[%clk 0:14:23]} 18. Bc3 {[%clk 0:49:57]}
h4 {[%clk 0:13:35]} 19. a3 {[%clk 0:46:22]} Nc6 {[%clk 0:12:12]} 20. g4 {[%clk
0:45:12]} e5 {[%clk 0:08:25]} 21. Bh3 {[%clk 0:37:33]} Qd8 {[%clk 0:06:47]} 22.
d3 {[%clk 0:36:26]} Qe7 {[%clk 0:07:10]} 23. f5 {[%clk 0:34:31]} Qf6 {[%clk
0:03:48]} 24. fxg6 {[%clk 0:31:08]} Qxg6 {[%clk 0:03:58]} 25. Bd2 {[%clk
0:31:14]} Nf8 {[%clk 0:02:05]} 26. g5 {[%clk 0:31:08]} Ne6 {[%clk 0:02:23]} 27.
Bf5 {[%clk 0:27:38]} Ncd4 {[%clk 0:02:47]} 28. Nxd4 {[%clk 0:25:47]} Nxd4 {[%clk
0:03:14]} 29. Qg2 {[%clk 0:22:00]} h3 {[%clk 0:02:06]} 30. Bxg6 {[%clk 0:14:06]}
hxg2 {[%clk 0:02:29]} 31. Bxh7 {[%clk 0:14:29]} gxf1Q+ {[%clk 0:02:52]} 32. Rxf1
{[%clk 0:14:49]} Nxb3 {[%clk 0:01:32]} 33. Be3 {[%clk 0:08:39]} Ke7 {[%clk
0:01:39]} 34. h4 {[%clk 0:08:58]} Nd4 {[%clk 0:00:35]} 35. Bxd4 {[%clk 0:07:43]}
Rh8 {[%clk 0:00:42]} 36. g6 {[%clk 0:07:05]} fxg6 {[%clk 0:01:02]} 37. Bxg6
{[%clk 0:07:34]} Rxh4 {[%clk 0:01:00]} 38. Rf7+ {[%clk 0:07:21]} Ke6 {[%clk
0:01:29]} 39. Rxb7 {[%clk 0:07:37]} exd4 {[%clk 0:01:38]} 40. Bf5+ {[%clk
0:01:16]} Ke5 {[%clk 0:01:36]} 41. Rg7 {[%clk 0:27:39]} b5 {[%clk 0:20:27]} 42.
cxb5 {[%clk 0:24:14]} d5 {[%clk 0:18:31]} 43. Rd7 {[%clk 0:11:03]} dxe4 {[%clk
0:17:23]} 1-0

[Event "Finnish Championship"]
[Site "chess24.com"]
[Date "2019.06.13"]
[Round "4"]
[White "Lahdelma, Henri"]
[Black "Agopov, Mikael"]
[Result "1/2-1/2"]
[Board "5"]
[WhiteElo "2188"]
[WhiteCountry "FIN"]
[WhiteFideId "510394"]
[WhiteEloChange "6"]
[BlackTitle "IM"]
[BlackElo "2432"]
[BlackCountry "FIN"]
[BlackFideId "501840"]
[BlackEloChange "-3"]

1. d4 {[%clk 1:30:57]} Nf6 {[%clk 1:30:57]} 2. c4 {[%clk 1:31:22]} g6 {[%clk
1:31:24]} 3. Nc3 {[%clk 1:31:47]} d5 {[%clk 1:31:52]} 4. cxd5 {[%clk 1:32:09]}
Nxd5 {[%clk 1:32:19]} 5. Bd2 {[%clk 1:32:20]} Nb6 {[%clk 1:32:45]} 6. Nf3 {[%clk
1:32:33]} Nc6 {[%clk 1:30:39]} 7. Bg5 {[%clk 1:32:12]} Bg7 {[%clk 1:30:58]} 8. e3
{[%clk 1:32:36]} O-O {[%clk 1:31:05]} 9. Bb5 {[%clk 1:32:04]} Na5 {[%clk
1:22:59]} 10. O-O {[%clk 1:32:02]} Nac4 {[%clk 1:18:54]} 11. Rc1 {[%clk 1:24:05]}
c6 {[%clk 1:17:09]} 12. Bxc4 {[%clk 1:24:06]} Nxc4 {[%clk 1:17:36]} 13. Qe2
{[%clk 1:21:40]} Nb6 {[%clk 1:05:46]} 14. Rfd1 {[%clk 1:13:22]} Re8 {[%clk
0:58:58]} 15. e4 {[%clk 0:56:25]} Be6 {[%clk 0:50:30]} 16. b3 {[%clk 0:53:50]} a5
{[%clk 0:49:19]} 17. Qe3 {[%clk 0:52:15]} a4 {[%clk 0:48:56]} 18. bxa4 {[%clk
0:40:10]} Nxa4 {[%clk 0:48:34]} 19. Nxa4 {[%clk 0:40:16]} Rxa4 {[%clk 0:48:39]}
20. d5 {[%clk 0:40:30]} cxd5 {[%clk 0:43:01]} 21. exd5 {[%clk 0:40:52]} Bd7
{[%clk 0:43:23]} 22. d6 {[%clk 0:37:46]} f6 {[%clk 0:43:10]} 23. dxe7 {[%clk
0:36:50]} Qxe7 {[%clk 0:43:22]} 24. Qb3+ {[%clk 0:34:22]} Kh8 {[%clk 0:41:25]}
25. Qxb7 {[%clk 0:21:01]} Re4 {[%clk 0:34:39]} 26. Be3 {[%clk 0:12:52]} Ba4
{[%clk 0:32:17]} 27. Qxe7 {[%clk 0:13:15]} R4xe7 {[%clk 0:32:35]} 28. Rd4 {[%clk
0:12:45]} Ra8 {[%clk 0:29:48]} 29. Rdc4 {[%clk 0:12:08]} Be8 {[%clk 0:27:52]} 30.
a3 {[%clk 0:08:57]} Kg8 {[%clk 0:27:18]} 31. Rc8 {[%clk 0:09:06]} Rxc8 {[%clk
0:26:24]} 32. Rxc8 {[%clk 0:09:30]} Kf7 {[%clk 0:26:50]} 33. h3 {[%clk 0:07:17]}
Rb7 {[%clk 0:25:26]} 34. Ra8 {[%clk 0:05:30]} Bf8 {[%clk 0:25:36]} 35. Nd2 {[%clk
0:04:27]} Rc7 {[%clk 0:22:33]} 36. a4 {[%clk 0:02:44]} Rc1+ {[%clk 0:22:42]} 37.
Kh2 {[%clk 0:02:44]} Bd6+ {[%clk 0:23:07]} 38. f4 {[%clk 0:02:36]} Rc3 {[%clk
0:22:08]} 39. Ne4 {[%clk 0:02:51]} Rd3 {[%clk 0:21:05]} 40. Nxd6+ {[%clk
0:01:54]} Rxd6 {[%clk 0:21:31]} 41. a5 {[%clk 0:01:09]} Rd3 {[%clk 0:12:51]} 42.
Ra7+ {[%clk 0:00:40]} Ke6 {[%clk 0:13:04]} 43. Bb6 {[%clk 0:26:57]} Rd2 {[%clk
0:40:08]} 44. Rc7 {[%clk 0:25:20]} Bb5 {[%clk 0:03:12]} 45. Rc1 {[%clk 0:23:38]}
Kd7 {[%clk 0:34:26]} 46. Rc7+ {[%clk 0:12:23]} Kd6 {[%clk 0:33:07]} 47. Rf7
{[%clk 0:10:28]} Ke6 {[%clk 0:32:25]} 48. Rc7 {[%clk 0:09:44]} Kd6 {[%clk
0:32:49]} 49. Rf7 {[%clk 0:10:07]} Ke6 {[%clk 0:33:15]} 50. Rc7 {[%clk 0:10:33]}
1/2-1/2

[Event "Finnish Championship"]
[Site "chess24.com"]
[Date "2019.06.13"]
[Round "4"]
[White "Lindholm, Jere"]
[Black "Tiitta, Sauli"]
[Result "0-1"]
[Board "7"]
[WhiteElo "2145"]
[WhiteCountry "FIN"]
[WhiteFideId "508012"]
[WhiteEloChange "-8"]
[BlackElo "2214"]
[BlackCountry "FIN"]
[BlackFideId "502251"]
[BlackEloChange "8"]

1. e4 {[%clk 1:30:57]} c6 {[%clk 1:22:59]} 2. d4 {[%clk 1:31:22]} d5 {[%clk
1:23:22]} 3. e5 {[%clk 1:31:46]} Bf5 {[%clk 1:23:41]} 4. Nf3 {[%clk 1:32:11]} e6
{[%clk 1:24:04]} 5. Be2 {[%clk 1:32:35]} Nd7 {[%clk 1:24:25]} 6. O-O {[%clk
1:32:59]} h6 {[%clk 1:24:49]} 7. Nbd2 {[%clk 1:33:23]} g5 {[%clk 1:25:05]} 8. Nb3
{[%clk 1:29:26]} Qc7 {[%clk 1:21:49]} 9. Ne1 {[%clk 1:25:22]} O-O-O {[%clk
1:21:24]} 10. f4 {[%clk 1:14:06]} f6 {[%clk 1:18:30]} 11. Nf3 {[%clk 1:13:23]}
Be4 {[%clk 1:16:10]} 12. Kh1 {[%clk 1:06:30]} Ne7 {[%clk 1:07:49]} 13. exf6
{[%clk 1:02:35]} Nxf6 {[%clk 1:02:57]} 14. Ne5 {[%clk 1:02:56]} Nf5 {[%clk
0:58:51]} 15. Bd3 {[%clk 0:49:50]} Qg7 {[%clk 0:55:12]} 16. Bxe4 {[%clk 0:42:33]}
Nxe4 {[%clk 0:55:22]} 17. c3 {[%clk 0:42:51]} h5 {[%clk 0:53:48]} 18. fxg5 {[%clk
0:37:43]} Bd6 {[%clk 0:43:18]} 19. Bf4 {[%clk 0:35:57]} h4 {[%clk 0:19:45]} 20.
Kg1 {[%clk 0:36:10]} Rhg8 {[%clk 0:14:53]} 21. Qe2 {[%clk 0:29:19]} Bxe5 {[%clk
0:03:46]} 22. Bxe5 {[%clk 0:29:42]} Qxg5 {[%clk 0:04:10]} 23. Bf4 {[%clk
0:30:05]} Qg6 {[%clk 0:04:18]} 24. Nc5 {[%clk 0:24:07]} h3 {[%clk 0:02:09]} 25.
Nxe4 {[%clk 0:09:45]} Qxg2+ {[%clk 0:02:34]} 26. Qxg2 {[%clk 0:10:10]} Rxg2+
{[%clk 0:02:43]} 27. Kh1 {[%clk 0:10:36]} dxe4 {[%clk 0:03:11]} 28. Rae1 {[%clk
0:10:19]} Rxb2 {[%clk 0:02:50]} 29. Rxe4 {[%clk 0:10:44]} Kd7 {[%clk 0:03:10]}
30. Rfe1 {[%clk 0:10:35]} Re8 {[%clk 0:03:06]} 31. R4e2 {[%clk 0:07:47]} Rxe2
{[%clk 0:03:25]} 32. Rxe2 {[%clk 0:08:11]} Rg8 {[%clk 0:02:59]} 33. Rf2 {[%clk
0:05:48]} Rg4 {[%clk 0:03:25]} 34. Rf3 {[%clk 0:05:38]} Nh4 {[%clk 0:03:49]} 35.
Rf2 {[%clk 0:05:57]} Ng2 {[%clk 0:04:07]} 36. Bg3 {[%clk 0:05:54]} Ke7 {[%clk
0:03:46]} 37. Rf3 {[%clk 0:04:52]} Re4 {[%clk 0:04:01]} 38. Bf2 {[%clk 0:04:57]}
Rf4 {[%clk 0:03:57]} 39. Rxf4 {[%clk 0:01:26]} Nxf4 {[%clk 0:04:22]} 40. Bh4+
{[%clk 0:01:39]} Kf7 {[%clk 0:04:35]} 41. Kg1 {[%clk 0:02:00]} Kg6 {[%clk
0:04:17]} 42. Kf2 {[%clk 0:02:04]} Kf5 {[%clk 0:03:55]} 43. Kf3 {[%clk 0:02:16]}
b5 {[%clk 0:04:10]} 44. Be1 {[%clk 0:02:15]} a5 {[%clk 0:02:34]} 45. Bd2 {[%clk
0:02:24]} Nd5 {[%clk 0:02:32]} 46. Kg3 {[%clk 0:01:52]} Ke4 {[%clk 0:00:47]} 47.
Kxh3 {[%clk 0:02:06]} Kd3 {[%clk 0:01:09]} 48. Be1 {[%clk 0:02:28]} Kc2 {[%clk
0:00:37]} 49. Kg4 {[%clk 0:28:53]} a4 {[%clk 0:30:51]} 50. h4 {[%clk 0:27:04]} a3
{[%clk 0:30:39]} 51. Kg5 {[%clk 0:27:08]} Ne3 {[%clk 0:29:07]} 52. h5 {[%clk
0:21:09]} Nf5 {[%clk 0:29:17]} 53. c4 {[%clk 0:19:55]} bxc4 {[%clk 0:29:10]} 54.
Kf6 {[%clk 0:20:20]} Kb2 {[%clk 0:29:00]} 55. Kxe6 {[%clk 0:00:38]} Ng7+ {[%clk
0:29:24]} 56. Kd6 {[%clk 0:20:34]} Nxh5 {[%clk 0:29:00]} 57. Kxc6 {[%clk
0:17:45]} c3 {[%clk 0:28:59]} 58. d5 {[%clk 0:17:07]} c2 {[%clk 0:29:17]} 59. Bd2
{[%clk 0:17:29]} c1Q+ {[%clk 0:29:36]} 60. Bxc1+ {[%clk 0:17:54]} Kxc1 {[%clk
0:30:03]} 0-1